| 000 | 02114nas1a22004571i 4500 | ||
|---|---|---|---|
| 001 | RU\NLR\INFOCOMM20\5000014146 | ||
| 005 | 20240726105856.0 | ||
| 035 | _a(NLR Aleph) 002665530 | ||
| 090 |
_a3998268 _c3998268 |
||
| 100 | _a20041209c1973 |||y0rusy50 ca | ||
| 101 | 0 | _arus | |
| 102 | _aRU | ||
| 110 | _azyuzz 0|y| | ||
| 200 | 1 |
_aИнформационный бюллетень _fГос. ком. по надзору за безопасным ведением работ в пром-сти и горному надзору при Совете Министров СССР. Госгортехнадзор СССР.Техн. упр. |
|
| 210 |
_aМ. _d1973- |
||
| 309 | _aОтпеч. множит. аппаратом | ||
| 710 | 0 | 1 |
_aСССР _bКомитет по надзору за безопасным ведением работ в промышленности и горному надзору _bТехническое управление _3RU\NLR\AUTH\88 _4070 |
| 801 | 1 |
_aRU _bInfoComm _c20041209 |
|
| 801 | 0 |
_aRU _bNLR _gPSBO |
|
| 852 |
_aNLR _jП10/4614 |
||
| 942 | _cSE | ||
| 980 | _aRUSPER | ||